Cerita nilai murni Aesop Masyhur

Bibliographic Details
Format: Book
Published: Kuala Lumpur : Early learner publication sdn bhd , 2005
Series:Siri cerita nilai murni terkenal Aesop
Subjects:

MARC

LEADER 00000cam a2200000 7i4500
001 0000007323
005 20220105104030.0
008 290627
020 |a 983327854X 
090 0 0 |a JP   |b MOR MAL (8579) 
245 0 0 |a Cerita nilai murni Aesop Masyhur 
260 |a Kuala Lumpur :   |b Early learner publication sdn bhd ,   |c 2005 
440 |a Siri cerita nilai murni terkenal Aesop 
500 |a Children age 4-6 years old (yellow) 
650 0 |a Malay fiction 
999 |a 0000989946   |b Book   |c Children Collection   |e Cawangan Muar 
999 |a 0000989947   |b Book   |c Children Collection   |e Cawangan Bukit Gambir 
999 |a 0000989948   |b Book   |c Children Collection   |e Perbadanan Perpustakaan Awam Johor 
999 |a 0000989949   |b Book   |c Children Collection   |e Perbadanan Perpustakaan Awam Johor 
999 |a 0000989950   |b Book   |c Children Collection   |e Perbadanan Perpustakaan Awam Johor